Qur̤um Legislativo

Detalles Bibliográficos
Formato: eBook
Lenguaje:español
Publicado: Mx̌ico D.F.: Cm̀ara de Diputados de Mx̌ico, Num. 1 (19?) -
Materias:
Acceso en línea:Acceso restringido

MARC

LEADER 00000nam a22000007a 4500
005 2017060909539.0
007 cr|||| ||||
008 170609c19uu9999mx zx|| s|||| 0|||a1spa d
035 |a 20402 
040 |a vLex 
090 |c 6758  |d 6758 
245 0 0 |a Qur̤um Legislativo  |h [Recurso electrn̤ico]  
256 |a Servicio en ln̕ea 
260 |a Mx̌ico D.F.:  |b Cm̀ara de Diputados de Mx̌ico,  |c Num. 1 (19?) -  
300 |a 1 recurso electrn̤ico 
310 |a Irregular 
506 0 |a Contenido disponible en los productos indicados  |d vLex Global  |d vLex Global (Academic Edition, excluding Law Schools)  |d vLex Global (U.S. Academic Edition, Law Schools)  |d vLex Global (U.S. Academic Edition, excluding Law Schools)  |d vLex Global (Academic Edition, Law Schools) 
650 0 4 |a Derecho constitucional 
740 0 |a vLex Revistas (Servicio en ln̕ea) 
856 4 0 |u http://vlex.com/source/quorum-legislativo-20402  |z Acceso restringido 
942 |c REV 
999 0 |a Constitutional law